000 00762nam a2200205 i 4500
001 101529
003 ES-MaACL
005 20230906182928.0
007 t|
008 051020s1943 mx ||||1| spa d
100 1 _aMeade, J. E.
_979624
245 1 0 _aEconomía
_b: la ciencia y la política /
_cJ. E. Meade; introducción de A. H. Hansen; versión española de M. Garza.
250 _a[1ª ed. española].
260 _aMéxico :
_bFondo de Cultura Económica,
_c1943.
300 _a570 p., tablas pleg. I-II. ;
_c22 cm.
490 1 _aSección de obras de economía. Manuales introductorios ;
_vII
830 0 _aSección de obras de economía. Manuales introductorios ;
_vII
_9184607
852 _aES-MaACL
_jC-5526
_bR.25963
999 _c101529
_d101529